| 000 | 00578nam a22002297a 4500 | ||
|---|---|---|---|
| 003 | OSt | ||
| 005 | 20140310181732.0 | ||
| 008 | 130318t xxu||||| |||| 00| 0 eng d | ||
| 020 | _a0553212214 | ||
| 050 |
_aPA 3626.A2 _b.H125 1965 |
||
| 082 |
_aTR 882 _bH11 1965 |
||
| 100 |
_aHadas, Moses _91484 |
||
| 245 |
_aGreek drama / _cMoses A. Hadas |
||
| 260 |
_aNew York : _bBantam Classic, _cc1965. |
||
| 300 |
_a378 p. _c17 cm. |
||
| 521 | _aFaculty | ||
| 541 | _j1 | ||
| 541 | _j2 | ||
| 562 | _e2 | ||
| 650 |
_aGreek drama _91485 |
||
| 942 |
_2lcc _cBK-TR _kTR |
||
| 999 |
_c2449 _d2449 |
||